Statistics for MLB Legendary Nicknames

Click here to take the quiz!

General Stats

  • This quiz has been taken 28 times
  • The average score is 11 of 15

Answer Stats

HintAnswer% Correct
Big PapiDavid Ortiz
100%
Mr. OctoberReggie Jackson
90%
The CaptainDerek Jeter
85%
The Sultan of Swat, The King of Crash, The Colossus of Clout and The Great BambinoGeorge Ruth
85%
Joltin' JoeJoe DiMaggio
85%
Yogi BerraLawrence Berra
85%
SandmanMariano Rivera
85%
The Big UnitRandy Johnson
85%
Charlie HustlePete Rose
80%
The HammerHank Aaron
65%
The Commerce CometMickey Mantle
60%
The Man of StealRickey Henderson
60%
ARRIBARoberto Clemente
60%
The Millville MeteorMike Trout
50%
The Sultan of ShotBarry Bonds
30%

Score Distribution

Percentile by Number Answered

Percent of People with Each Score

Your Score History

You have not taken this quiz